000 00625nam a2200193Ia 4500
003 OSt
005 20250428094659.0
008 210210b xxu||||| |||| 00| 0 eng d
040 _cAL
041 _aKannada
082 _a856/29
100 _aKOYL DEVID (Ku)
_9157315
_dಕೊಯ್ಲ್ ಡೇವಿಡ್ ಕು
245 _aAmerikada Rajakiya Paddhati
_bಅಮೇರಿಕಾದ ರಾಜಕೀಯ ಪದ್ಧತಿ
260 _aBengaLUru
_bPragati Prakatanalaya
690 _aKannada Miscellaneous
_9157319
700 _aKRISHNASHARMA
_9157320
_dಕೃಷ್ಣಶರ್ಮ
906 _a020279
942 _2ddc
_cBK
999 _c144431
_d144431